Ni-Co 2013

With both nickel and cobalt featuring heavily in modern industry, there is an ongoing and intense interest in ore supplies and processing, applications development, and recycling. This book presents a collection of authoritative papers covering the latest advances in all aspects of nickel and cobalt...

Full description

Bibliographic Details
Corporate Author: SpringerLink (Online service)
Other Authors: Battle, Thomas (Editor), Moats, Michael (Editor), Cocalia, Violina (Editor), Oosterhof, Harald (Editor), Alam, Shafiq (Editor), Allanore, Antoine (Editor), Jones, Rodney (Editor), Stubina, Nathan (Editor), Anderson, Corby (Editor), Wang, Shijie (Editor)
Format: Electronic eBook
Language:English
Published: Cham : Springer International Publishing : Imprint: Springer, 2016.
Subjects:
Online Access:Full Text via HEAL-Link
LEADER 02543nam a22005415i 4500
001 978-3-319-48147-0
003 DE-He213
005 20170302141849.0
007 cr nn 008mamaa
008 161201s2016 gw | s |||| 0|eng d
020 |a 9783319481470  |9 978-3-319-48147-0 
024 7 |a 10.1007/978-3-319-48147-0  |2 doi 
040 |d GrThAP 
050 4 |a TA404.6 
072 7 |a TGMT  |2 bicssc 
072 7 |a TEC021000  |2 bisacsh 
082 0 4 |a 620.11  |2 23 
245 1 0 |a Ni-Co 2013  |h [electronic resource] /  |c edited by Thomas Battle, Michael Moats, Violina Cocalia, Harald Oosterhof, Shafiq Alam, Antoine Allanore, Rodney Jones, Nathan Stubina, Corby Anderson, Shijie Wang. 
264 1 |a Cham :  |b Springer International Publishing :  |b Imprint: Springer,  |c 2016. 
300 |a XV, 438 p.  |b online resource. 
336 |a text  |b txt  |2 rdacontent 
337 |a computer  |b c  |2 rdamedia 
338 |a online resource  |b cr  |2 rdacarrier 
347 |a text file  |b PDF  |2 rda 
520 |a With both nickel and cobalt featuring heavily in modern industry, there is an ongoing and intense interest in ore supplies and processing, applications development, and recycling. This book presents a collection of authoritative papers covering the latest advances in all aspects of nickel and cobalt processing, including fundamentals, technology, operating practices, and related areas of Platinum-Group Metals (PGM) processing. Special emphasis is given to the treatment of sulphide and laterite ores, concentrates, and secondary materials for the production of nickel and cobalt. 
650 0 |a Materials science. 
650 0 |a Engineering  |x Materials. 
650 0 |a Waste management. 
650 1 4 |a Materials Science. 
650 2 4 |a Characterization and Evaluation of Materials. 
650 2 4 |a Waste Management/Waste Technology. 
650 2 4 |a Materials Engineering. 
700 1 |a Battle, Thomas.  |e editor. 
700 1 |a Moats, Michael.  |e editor. 
700 1 |a Cocalia, Violina.  |e editor. 
700 1 |a Oosterhof, Harald.  |e editor. 
700 1 |a Alam, Shafiq.  |e editor. 
700 1 |a Allanore, Antoine.  |e editor. 
700 1 |a Jones, Rodney.  |e editor. 
700 1 |a Stubina, Nathan.  |e editor. 
700 1 |a Anderson, Corby.  |e editor. 
700 1 |a Wang, Shijie.  |e editor. 
710 2 |a SpringerLink (Online service) 
773 0 |t Springer eBooks 
776 0 8 |i Printed edition:  |z 9783319485812 
856 4 0 |u http://dx.doi.org/10.1007/978-3-319-48147-0  |z Full Text via HEAL-Link 
912 |a ZDB-2-CMS 
950 |a Chemistry and Materials Science (Springer-11644)